000 01634cam a22003853a 4500
001 13811892
003 OSt
005 20140408101446.0
008 041210s2004 nyua j 000 0 eng d
010 _a 2004558604
020 _a0439559960 (pbk.)
024 3 1 _a978043955996
035 _a(OCoLC)ocm54958210
040 _aOCO
_cOCO
_dOCLCQ
_dXY4
_dBAKER
_dDLC
050 0 0 _aPZ 7
_b.P924Cas 2004
100 1 _aPreller, James.
_96900
245 1 4 _aThe case of the perfect prank /
_cby James Preller ; illustrated by Jamie Smith ; cover illustration by R.W. Alley.
260 _aNew York :
_bScholastic Inc.,
_cc2004.
300 _a66 p. :
_bill. ;
_c20 cm.
490 1 _aJigsaw Jones mystery ;
_v#23
500 _a"A Little Apple paperback."
520 _aJigsaw's brothers love to play practical jokes. But Jigsaw does not have time for games. He has a big case to solve. Danika's kitty has been cat-napped. Can Jigsaw solve the mystery? Or will the cat burglar have the last laugh?
521 _aG2
526 _c480
562 _eFor circulation. 2 copy available in the collection
650 1 _aMystery and detective stories.
_93790
700 1 _aSmith, Jamie.
_922887
700 1 _aAlley, R. W.
_q(Robert W.)
_927875
800 1 _aPreller, James.
_tJigsaw Jones mystery ;
_v#23.
_927876
906 _a7
_bcbc
_ccopycat
_d2
_encip
_f20
_gy-gencatlg
942 _2lcc
_cBK
999 _c34552
_d34552